000 00427ntaaa2200157 4500
003 01
005 20251027201223.0
008 0714s1973 ag 01
040 _aAR-BaBN
_bspa
_cAR-BaBN
_eaacr
_dRIC
082 _a220.9 K32
100 _aKemp de Money, Netta
_910209
245 _aGeografía histórica del Mundo Bíblico /
_cNetta Kemp de Money
250 _a1 ed. :
_bLibrería El Inca,
_cc/947
300 _a167 p.
942 _cBK
999 _c6536
_d6536